|
|
|
|
| LEADER |
00000nam a22000007i 4500 |
| 001 |
IT\ICCU\CFI\0193200 |
| 003 |
ItRI |
| 005 |
20260115231942.0 |
| 008 |
920510s1988 it |||||| ||||| |||||c |
| 020 |
|
|
|a 888402000X
|
| 040 |
|
|
|b ita
|c importazione bologna sebina
|
| 041 |
|
7 |
|a ita
|2 ISO-639-2
|
| 082 |
|
|
|a 853.5
|9 NARRATIVA ITALIANA. 1585-1748
|2 12
|
| 100 |
1 |
|
|a Rocco, Antonio,
|d (1578-1653)
|0 IT\ICCU\CFIV\113050
|4 aut
|
| 245 |
1 |
2 |
|a L'Alcibiade fanciullo a scola /
|c Antonio Rocco ; a cura di Laura Coci.
|
| 260 |
|
|
|a Roma :
|b Salerno,
|c 1988
|
| 300 |
|
|
|a 99 p. ;
|c 22 cm.
|
| 700 |
1 |
|
|a Coci, Laura
|0 IT\ICCU\CFIV\103696
|
| 830 |
|
0 |
|a Omikron ;
|v 27
|0 IT\ICCU\CFI\0000677
|
| 942 |
|
|
|2 ddc
|c BK
|n 0
|
| 952 |
|
|
|0 0
|1 0
|4 0
|6 DOC_853_500000000000000_ROC
|7 0
|9 17679
|a BO
|b BO
|d 2026-01-15
|i 1852
|l 0
|o DOC 853.5 ROC
|p BO1852
|r 2026-01-15 23:19:42
|w 2026-01-15
|x [Sebina 5] [1 v.]
|y BK
|z 1 v.
|
| 999 |
|
|
|c 15056
|d 15056
|